000 00422nam a2200145Ia 4500
008 230917s9999||||xx |||||||||||||| ||und||
040 _e175020
_aMAIN
041 _aEnglish
082 _a891.43301731 SA64A
100 _aसिनहा, आशीष
245 0 _aआदमखोर
260 _aदिल्ली
_bभारती भाषा प्रकाशन
_c1974
300 _a153 पृ. p.
942 _cHN
999 _c139732
_d139732